Instant notes plant biology (Record no. 107888)

MARC details
000 -LEADER
fixed length control field 00563nam a2200229Ia 4500
003 - CONTROL NUMBER IDENTIFIER
control field OSt
005 - DATE AND TIME OF LATEST TRANSACTION
control field 20250818162325.0
008 - FIXED-LENGTH DATA ELEMENTS--GENERAL INFORMATION
fixed length control field 210210b2001 xxu||||| |||| 00| 0 eng d
020 ## - INTERNATIONAL STANDARD BOOK NUMBER
International Standard Book Number 8176492426
040 ## - CATALOGING SOURCE
Transcribing agency AL
041 ## - LANGUAGE CODE
Language code of text/sound track or separate title eng
082 ## - DEWEY DECIMAL CLASSIFICATION NUMBER
Classification number 581.076 LACI
100 ## - MAIN ENTRY--PERSONAL NAME
Personal name Lack A J
9 (RLIN) 236246
245 ## - TITLE STATEMENT
Title Instant notes plant biology
260 ## - PUBLICATION, DISTRIBUTION, ETC.
Place of publication, distribution, etc. New Delhi
Name of publisher, distributor, etc. Viva Books Private Limited
Date of publication, distribution, etc. 2001
300 ## - PHYSICAL DESCRIPTION
Extent vii,332Pp.
650 ## - SUBJECT ADDED ENTRY--TOPICAL TERM
Topical term or geographic name entry element Instant Notes
9 (RLIN) 236249
690 ## - LOCAL SUBJECT ADDED ENTRY--TOPICAL TERM (OCLC, RLIN)
Topical term or geographic name as entry element Botany
9 (RLIN) 236252
700 ## - ADDED ENTRY--PERSONAL NAME
Personal name Evans D E
9 (RLIN) 236253
906 ## - LOCAL DATA ELEMENT F, LDF (RLIN)
a 061202
942 ## - ADDED ENTRY ELEMENTS (KOHA)
Source of classification or shelving scheme Dewey Decimal Classification
Koha item type Book
Holdings
Withdrawn status Lost status Source of classification or shelving scheme Damaged status Not for loan Collection code Home library Current library Date acquired Source of acquisition Cost, normal purchase price Total Checkouts Full call number Barcode Date last seen Price effective from Koha item type
    Dewey Decimal Classification     Botany St Aloysius Library St Aloysius Library 02/17/2021 West Coast Paper and Stationers Mangalore-1 195.00   581.076 LACI 061202 02/17/2021 02/17/2021 Book